| 000 | 00000nam##2200000za#4500 |
| 001 | 9.624337 |
| 003 | CaOODSP |
| 005 | 20240212134142 |
| 007 | ta |
| 008 | 150406|1997||||xxc||||| f|0| 0 fre|d |
| 020 | |a0-662-82052-5 |
| 022 | |a1713-0646 |
| 040 | |aCaOODSP|bfre |
| 043 | |an-cn--- |
| 086 | 1 |aNE22-1/1997-7F |
| 110 | 1 |aCanada. |bOffice national de l'énergie. |
| 245 | 10|aRelativement à Gazoduc Trans Québec & Maritimes Inc. : |bdemande daté du 24 janvier 1997, dans sa version modifiée, en vue de l'approbation de nouveaux droits exigibles à partir du 1er janvier 1997 et d'un règlement pluriannuel sur les droits |
| 260 | |aCalgary - Alberta : |bOffice national de l'énergie |cAvril 1997. |
| 300 | |a24p. : |btableaux ; |c28 cm. |
| 490 | 1 |aMotifs de décision|x1713-0646 |
| 563 | |aCouverture souple |
| 590 | |a97-19|b1997-05-09 |
| 775 | 08|tIn the matter of Trans Québec & Maritimes Pipeline Inc. : |w(CaOODSP)9.613782 |
| 776 | 0#|tMotifs de décision relativement à Gazoduc Trans Québec & Maritimes Inc. : |w(CaOODSP)9.602879 |
| 830 | #0|aMotifs de décision (Canada. Office national de l'énergie)|x1713-0646|w(CaOODSP)9.513162 |
| 986 | |aRHW-1-97 |